| 000 | 00329nam a2200121Ia 4500 | ||
|---|---|---|---|
| 008 | 220204s9999 xx 000 0 und d | ||
| 082 |
_a658.3 _bBER |
||
| 100 | _aBerwitz, Clement J | ||
| 245 | 0 | _aJob analysis approach to affirmative action | |
| 260 |
_aNew York _bJohn Wiley _c1975 |
||
| 650 | _aPersonnel management | ||
| 942 | _cBK | ||
| 999 |
_c24381 _d24381 |
||